000 00554nam a22002177a 4500
003 OSt
005 20140310183025.0
008 130216t xxu||||| |||| 00| 0 eng d
020 _a9789712357107
050 _aLB 1140.5
_b.P113 2010
100 _aPabalan, Victorino S.
245 _aManaging preschool program /
_c Pabalan, Victorina S.
260 _aManila ;
_bRex Book Store,
_c2010.
300 _a192 p. :
_c26 cm.
_bill. ;
521 _aEDU
562 _e3
942 _2lcc
_cBK
_kLOC
999 _c18405
_d18405